000 00378nam a22001457a 4500
003 OSt
008 250227b |||||||| |||| 00| 0 eng d
020 _a9788197978500
100 _aANKITA
245 _aThe Road Ahead Future Trends and Innovations in AI
260 _aNew Delhi
_bNaples Indian
_c2024.
300 _a334p.
650 _aFaculty Publication
942 _2ddc
_cBK
999 _c13161
_d13161